Wird geladen...

Listening leaders: The ten golden rules to listen, lead and succeed

Bibliographische Detailangaben
1. Verfasser: Steil, Lyman K and Bommelje, Richard K
Format: Printed Book
Veröffentlicht: UBS Publishers & Distributors, Ltd., New Delhi 2006
Schlagworte:
LEADER 00576nam a2200157 4500
082 |a 658.4092 STE-L 
100 |a Steil, Lyman K and Bommelje, Richard K 
245 |a Listening leaders: The ten golden rules to listen, lead and succeed  |c Steil, Lyman K and Bommelje, Richard K 
250
260 |a UBS Publishers & Distributors, Ltd., New Delhi  |c 2006 
300 |a 380 p 
490
650 |a Executive leadership 
942 |c BK 
999 |c 127282  |d 127282 
952 |0 0  |1 0  |4 0  |6 658_409200000000000_STEL  |7 0  |9 140744  |a COM  |b COM  |l 0  |o 658.4092 STE-L  |p COM03992  |r 2019-10-24  |w 2019-10-24  |y BK